Twenty One Pilots Songs over 5mins (on Spotify) - Statistics

General Stats
  • This quiz has been taken 19 times
  • The average score is 5 of 8
Answer Stats
Length Answer % Correct
05:22 City Walls
94%
06:29 Paladin Strait
94%
05:31 Bandito
75%
05:08 Ode to Sleep
75%
05:46 Isle of Flightless Birds
56%
05:26 Downstairs
50%
05:24 Chlorine
44%
05:32 March to the Sea
38%
No matching quizzes found
Score Distribution
Percent of People with Each Score
Percentile by Number Answered
Your Score History
You have not taken this quiz